000
00321nam a22001337a 4500
008
171020b xxu||||| |||| 00| 0 eng d
020
_a
0838561233
041
_a
eng
080
_2
4TH
_a
338
100
_a
54
101
_a
MEN
245
_a
MANAGEMENT PRACTICES FOR THE HEALTH PROFESSIONAL
_c
LONGEST,B.B
942
_2
udc
_c
BK
999
_c
35051
_d
35051